000 00455nam a2200193Ia 4500
005 20240823030341.0
008 240823s9999||||xx |||||||||||||| ||und||
020 _a978-81-7809-229-8
041 _aENGLISH
082 _A248.4 P3
100 _aLewis Timberlake & Marietta Reed
245 0 _aBorn To Win
250 _a1st
260 _c2003
_b"Magna,M"
_aMumbai
500 _aYES
650 _aBorn to Win
_bGeneral
942 _cBK
999 _c188489
_d188489